Statistics for Books by Letter N

Click here to take the quiz!

General Stats

  • This quiz has been taken 28 times
  • The average score is 2 of 11

Answer Stats

HintBook% Correct
The story takes place in an imagined future, the year 1984, when much of the world has fallen victim to perpetual war, omnipresent government surveillance, historical negationism, and propaganda.1984
84%
Set in a parallel universe, it features the journey of Lyra Belacqua to the Arctic in search of her missing friend, Roger Parslow, and her imprisoned uncle, Lord Asriel.Northern Lights
32%
The story of Catherine Morland and her dangerously sweet nature, innocence, and sometime self-delusion.Northanger Abbey
20%
In 1940s South Carolina, mill worker Noah Calhoun and rich girl Allie are desperately in love.The Notebook
20%
Takes place in a dystopian version of late 1990s England, where the lives of ordinary citizens are prolonged through a state-sanctioned program of human cloning.Never Let Me Go
16%
The novel centres on the life and adventures of a young man who must support his mother and sister after his father dies.Nicholas Nickleby
16%
While out hunting, Llewelyn Moss finds the grisly aftermath of a drug deal. Though he knows better, he cannot resist the cash left behind and takes it with him.No Country For Old Men
16%
The series is speculative fiction describing an alternative history in which native African people had colonised the European people, rather than the other way around, with Africans having made Europeans their slaves.Noughts and Crosses
16%
The story of Toru Watanabe, a young man who is damaged by the suicide of his high school friend, Kizuki. Toru falls in love with Kizuki's tortured girlfriend, Naoko, who is isolated in her own mind.Norwegian Wood
8%
This book is about a school shooting, and focuses on the events leading up to and following the incident.Nineteen Minutes
4%
As the subtitle suggests, each of the five stories focuses on music and musicians, and the close of day.Nocturnes
0%

Score Distribution

Percentile by Number Answered

Percent of People with Each Score

Your Score History

You have not taken this quiz